Nghiên cứu một số chỉ số trí tuệ cuả học sinh THCS (từ 12- 15 tuổi) trên địa bàn thành phố Đà Nẵng

Xác định chỉ số IQ trung bình của học sinh trung học cơ sở tại thành phố Đà Nẵng theo từng khối lớp và giới tính. Xác định trình độ phát triển một số chức năng cơ bản của trí tuệ: trình độ tư duy khái quát, trí nhớ ngắn hạn thính giác. Đánh giá mối tương quan giữa trí tuệ và học lực của học sinh tru...

Description complète

Enregistré dans:
Détails bibliographiques
Auteur principal: Trương Thị Bích Liên
Autres auteurs: Nguyễn Công Thùy Trâm (Hướng dẫn)
Format: Livre
Langue:Vietnamese
Publié: Đà Nẵng Đại học Sư phạm, Đại học Đà Nẵng 2013
Sujets:
Tags: Ajouter un tag
Pas de tags, Soyez le premier à ajouter un tag!
Thư viện lưu trữ: Mạng thư viện Đại học Đà Nẵng
LEADER 02314nam a2200373 4500
001 000018476
003 14908
005 20131115161105.0
008 131113s2013 viesd
041 |a vie 
082 1 4 |a 612.66  |b TR-L 
100 1 |a Trương Thị Bích Liên 
245 1 |a Nghiên cứu một số chỉ số trí tuệ cuả học sinh THCS (từ 12- 15 tuổi) trên địa bàn thành phố Đà Nẵng  |c Trương Thị Bích Liên ; Nguyễn Công Thùy Trâm hướng dẫn  |k Khóa luận tốt nghiệp 
260 |a Đà Nẵng  |b Đại học Sư phạm, Đại học Đà Nẵng  |c 2013 
300 |a 62 tr., phụ lục 9 tr.  |b mh.  |c 29 cm.  |e Bản tóm tắt 
500 |a Khóa luận tốt nghiệp đại học. Chuyên ngành: Sư phạm Sinh 
504 |a Mục lục đầu trang, tài liệu tham khảo tr. 73 - 74, phụ lục [13 tr.] 
520 |a Xác định chỉ số IQ trung bình của học sinh trung học cơ sở tại thành phố Đà Nẵng theo từng khối lớp và giới tính. Xác định trình độ phát triển một số chức năng cơ bản của trí tuệ: trình độ tư duy khái quát, trí nhớ ngắn hạn thính giác. Đánh giá mối tương quan giữa trí tuệ và học lực của học sinh trung học cơ sở tại thành phố Đà Nẵng. Đánh giá mức ảnh hưởng của một số điều kiện sống đến sự phát triển IQ của học sinh từ đó đề xuất các biện pháp nhằm nâng cao trí tuệ của học sinh. 
600 1 4 |b Vua  |c Đinh Tiên Hoàng 
650 0 4 |a Chỉ số IQ  |v Khóa luận tốt nghiệp  |x Học sinh phổ thông  |z Đà Nẵng 
653 |a Chỉ số IQ 
653 |a Học sinh phổ thông 
653 |a Khoa Sinh môi trường 
700 1 |a Nguyễn Công Thùy Trâm  |e Hướng dẫn 
OWN |a LSP 
AVA |a UDN50  |b LSP  |d 612.66 TR-L  |e available  |t Error 5001 Not defined in file expand_doc_bib_avail.  |f 1  |g 0  |h N  |i 0  |k 1 
999 |a From the UDN01 
AVA |a UDN50  |b LSP  |d 612.66 TR-L  |e available  |t Error 5001 Not defined in file expand_doc_bib_avail.  |f 1  |g 0  |h N  |i 0  |k 1 
TYP |a Monograph 
TYP |a Printed language 
980 |a Mạng thư viện Đại học Đà Nẵng